[Event "Bolivar Province-ch qual"]
[Site "Cartagena"]
[Date "2013.05.23"]
[Round "6"]
[White "Florez Vina, Jaime"]
[Black "Ramirez Curvelo, Jorge"]
[Result "1-0"]
[WhiteElo "1689"]
[BlackElo "1600"]
[PlyCount "89"]
[EventDate "2013.05.16"]
[EventType "swiss"]
[EventRounds "7"]
[EventCountry "COL"]
[SourceTitle "EXT 2014"]
[Source "ChessBase"]
[SourceDate "2013.11.20"]
[SourceVersion "1"]
[SourceVersionDate "2013.11.20"]
[SourceQuality "1"]

1. e4 d5 2. e5 d4 3. Bc4 Nc6 4. f4 Nh6 5. h3 e6 6. Nf3 Nf5 7. 0-0 d3 8. Bxd3 Ncd4 9. c3 Nxf3+ 10. Qxf3 Nh4 11. Qe4 Nf5 12. Rf3 Rb8 13. Bc2 b6 14. Qa4+ b5 15. Qxa7 Bb7 16. Rd3 Qc8 17. Qa5 Bc5+ 18. Kh2 Be4 19. b4 Bf2 20. a4 Bxd3 21. Bxd3 Bg3+ 22. Kg1 0-0 23. Bxf5 exf5 24. d4 bxa4 25. Qxa4 Ra8 26. Qxa8 Qxa8 27. Rxa8 Rxa8 28. Na3 Bxf4 29. Bxf4 Rxa3 30. Bd2 Kf8 31. Kf2 Ke7 32. Ke2 Ke6 33. Kd3 Kd5 34. Bf4 c6 35. g3 h6 36. h4 h5 37. Bg5 Ra1 38. c4+ Ke6 39. Bf4 f6 40. exf6 gxf6 41. b5 Ra3+ 42. Kc2 cxb5 43. cxb5 Ra5 44. b6 Rb5 45. Bc7 1-0

[Event "Bolivar Province-ch qual"]
[Site "Cartagena"]
[Date "2013.05.20"]
[Round "3"]
[White "Gutierrez Alcazar, Gustavo Adolfo"]
[Black "Ramirez Curvelo, Jorge"]
[Result "0-1"]
[WhiteElo "1478"]
[BlackElo "1600"]
[PlyCount "80"]
[EventDate "2013.05.16"]
[EventType "swiss"]
[EventRounds "7"]
[EventCountry "COL"]
[SourceTitle "EXT 2014"]
[Source "ChessBase"]
[SourceDate "2013.11.20"]
[SourceVersion "1"]
[SourceVersionDate "2013.11.20"]
[SourceQuality "1"]

1. d4 Nf6 2. c4 g6 3. Nf3 Bg7 4. Nc3 0-0 5. e4 d6 6. Bd3 c5 7. d5 e6 8. Bg5 Qa5 9. 0-0 exd5 10. exd5 Ng4 11. Bd2 Ne5 12. Nxe5 Bxe5 13. Ne4 Qd8 14. Qc1 f5 15. Bg5 Qd7 16. Nc3 f4 17. f3 Qg7 18. g3 Bd4+ 19. Kg2 Be3 20. Qc2 h6 21. Bxf4 Bxf4 22. gxf4 Rxf4 23. Rg1 g5 24. Ne2 Rh4 25. Kf2 Nd7 26. Rae1 Ne5 27. Ng3 Rf4 28. Be4 Qf7 29. Re3 Ng4+ 30. Ke2 Nxe3 31. Kxe3 Bd7 32. Bg6 Rxf3+ 33. Kd2 Qf4+ 34. Kd1 Qd4+ 35. Bd3 Qxg1+ 36. Kd2 Qxh2+ 37. Ne2 Re8 38. Kc1 Rxe2 39. Bxe2 Bf5 40. Qa4 Qxe2 0-1

[Event "Cartagena op"]
[Site "Cartagena"]
[Date "2012.01.13"]
[Round "4"]
[White "Ramirez Curvelo, Jorge"]
[Black "Jaimes Velasquez, Simon Andres"]
[Result "0-1"]
[WhiteElo "1600"]
[BlackElo "1465"]
[PlyCount "46"]
[EventDate "2012.01.10"]
[EventType "swiss"]
[EventRounds "7"]
[EventCountry "COL"]
[SourceTitle "EXT 2013"]
[Source "ChessBase"]
[SourceDate "2012.11.22"]
[SourceVersion "1"]
[SourceVersionDate "2012.11.22"]
[SourceQuality "1"]

1. e4 e5 2. Bc4 Nf6 3. Qh5 Nxh5 4. Nf3 Nc6 5. d3 h6 6. Nc3 Bc5 7. a3 a6 8. Be3 Nd4 9. 0-0-0 Qe7 10. Nd5 Qd6 11. Nxd4 exd4 12. Bd2 c6 13. e5 Qb8 14. Nf4 Nxf4 15. Bxf4 0-0 16. h4 b5 17. Ba2 d5 18. g3 Bg4 19. Rde1 b4 20. a4 Qd8 21. h5 Bf3 22. Rhg1 Qd7 23. g4 Bxg4 0-1

[Event "Cartagena op"]
[Site "Cartagena"]
[Date "2012.01.12"]
[Round "3"]
[White "Villalba, Ader Manuel"]
[Black "Ramirez Curvelo, Jorge"]
[Result "1-0"]
[WhiteElo "1839"]
[BlackElo "1600"]
[PlyCount "63"]
[EventDate "2012.01.10"]
[EventType "swiss"]
[EventRounds "7"]
[EventCountry "COL"]
[SourceTitle "EXT 2013"]
[Source "ChessBase"]
[SourceDate "2012.11.22"]
[SourceVersion "1"]
[SourceVersionDate "2012.11.22"]
[SourceQuality "1"]

1. e4 d5 2. exd5 Qxd5 3. c4 Qe5+ 4. Be2 Bg4 5. d4 Bxe2 6. Nxe2 Qh5 7. Nbc3 Nc6 8. 0-0 e6 9. d5 Nd8 10. Nb5 Bd6 11. Nxd6+ cxd6 12. Qa4+ Ke7 13. Re1 e5 14. Ng3 Qg4 15. h3 Qd7 16. Qb4 b6 17. Rxe5+ Kf8 18. Bf4 Nb7 19. Rae1 Nc5 20. R5e3 f6 21. Qc3 h6 22. Ne4 Nxe4 23. Rxe4 g5 24. Bg3 f5 25. Re6 f4 26. Qxh8 Qf7 27. Bh2 b5 28. cxb5 h5 29. Rxd6 Rc8 30. Rc6 Rd8 31. d6 Qd5 32. Rc7 1-0